Winnetou 2 (Record no. 22289)
[ view plain ]
| 000 -LEADER | |
|---|---|
| fixed length control field | 01592cam a2200445 a 4500 |
| 001 - CONTROL NUMBER | |
| control field | 22289 |
| 003 - CONTROL NUMBER IDENTIFIER | |
| control field | VRT |
| 005 - DATE AND TIME OF LATEST TRANSACTION | |
| control field | 20260325124211.0 |
| 008 - FIXED-LENGTH DATA ELEMENTS--GENERAL INFORMATION | |
| fixed length control field | 240315s1992 xo a g 000 f slo |
| 015 ## - NATIONAL BIBLIOGRAPHY NUMBER | |
| National bibliography number | SNBA1992/05 |
| 020 ## - INTERNATIONAL STANDARD BOOK NUMBER | |
| International Standard Book Number | 8006004625 |
| Qualifying information | (viaz.) |
| 035 ## - SYSTEM CONTROL NUMBER | |
| System control number | 5127A961-1FA8-4753-AE4A-3A97EC54BFF3 |
| 035 ## - SYSTEM CONTROL NUMBER | |
| System control number | SNK000010718 |
| 035 ## - SYSTEM CONTROL NUMBER | |
| System control number | urn:nbn:sk:snk-am005fti |
| 035 ## - SYSTEM CONTROL NUMBER | |
| System control number | urn:nbn:sk:snk-amkr0u |
| 039 #9 - LEVEL OF BIBLIOGRAPHIC CONTROL AND CODING DETAIL [OBSOLETE] | |
| Level of rules in bibliographic description | 202403151840 |
| Level of effort used to assign nonsubject heading access points | VLOAD |
| Level of effort used to assign subject headings | 202402261852 |
| Level of effort used to assign classification | VLOAD |
| Level of effort used to assign subject headings | 201711291404 |
| Level of effort used to assign classification | VLOAD |
| Level of effort used to assign subject headings | 201606101157 |
| Level of effort used to assign classification | VLOAD |
| 040 ## - CATALOGING SOURCE | |
| Original cataloging agency | SNK |
| Language of cataloging | slo |
| Transcribing agency | SNK |
| Description conventions | AACR2 |
| 041 1# - LANGUAGE CODE | |
| Language code of text/sound track or separate title | slo |
| Language code of original | ger |
| 044 ## - COUNTRY OF PUBLISHING/PRODUCING ENTITY CODE | |
| MARC country code | xo |
| ISO country code | SK |
| 080 ## - UNIVERSAL DECIMAL CLASSIFICATION NUMBER | |
| Universal Decimal Classification number | 830-3(087.5) |
| Edition identifier | 1981 |
| 100 1# - MAIN ENTRY--PERSONAL NAME | |
| Personal name | May, Karl, |
| Dates associated with a name | 1842-1912 |
| Relationship | aut |
| 240 10 - UNIFORM TITLE | |
| Uniform title | Winnetou, der rote Gentleman |
| Language of a work | Slovensky |
| 245 10 - TITLE STATEMENT | |
| Title | Winnetou 2 |
| Statement of responsibility, etc. | Karl May ; [z nem. orig. ... prel. Teofil Ušák ; ilustr. Igor Benca] |
| 250 ## - EDITION STATEMENT | |
| Edition statement | 4. vyd. |
| 260 ## - PUBLICATION, DISTRIBUTION, ETC. | |
| Place of publication, distribution, etc. | Bratislava |
| Name of publisher, distributor, etc. | Mladé letá |
| Date of publication, distribution, etc. | 1992 |
| Place of manufacture | Nitra |
| Manufacturer | Nitrianske tlačiarne |
| 300 ## - PHYSICAL DESCRIPTION | |
| Extent | 383 s. |
| Other physical details | ilustr. |
| Dimensions | 21 cm |
| 490 1# - SERIES STATEMENT | |
| Series statement | Knihy Karla Maya |
| 500 ## - GENERAL NOTE | |
| General note | Ilustr. na tit. liste. Fot. na front. Mp. na predsádkach. Výslovnosť cudzích mie od 11 rokov. ISBN 80-06-00417-X (súbor). |
| 504 ## - BIBLIOGRAPHY, ETC. NOTE | |
| Bibliography, etc. note | Vysvetlivky |
| 521 1# - TARGET AUDIENCE NOTE | |
| Target audience note | Pre čitateľov od 11 rokov |
| 655 #7 - INDEX TERM--GENRE/FORM | |
| Genre/form data or focus term | dobrodružné romány |
| Source of term | SNKPH |
| 700 1# - ADDED ENTRY--PERSONAL NAME | |
| Personal name | Benca, Igor, |
| Dates associated with a name | 1958- |
| Relationship | ill |
| 700 1# - ADDED ENTRY--PERSONAL NAME | |
| Personal name | Ušák, Teofil, |
| Dates associated with a name | 1922-1999 |
| Relationship | trl |
| 830 #0 - SERIES ADDED ENTRY--UNIFORM TITLE | |
| Uniform title | Knihy Karla Maya |
| 910 ## - USER-OPTION DATA (OCLC) | |
| User-option data | pppk |
| 942 ## - ADDED ENTRY ELEMENTS (KOHA) | |
| Source of classification or shelving scheme | Dewey Decimal Classification |
| Koha item type | Krásna literatúra pre dospelých |
| Suppress in OPAC | No |
| 949 ## - LOCAL PROCESSING INFORMATION (OCLC) | |
| 6 | 17A0319226 |
| a | snkSC 81483/2 D1 |
| b | snkKSP 2806/92 |
| s | 6100:20140925 |
| 949 ## - LOCAL PROCESSING INFORMATION (OCLC) | |
| 6 | 17A0982780 |
| a | snkSC 81483/2 |
| Stav vyradenia | Strata | Poškodenie | Spôsob nadobudnutia | Domovská knižnica | Aktuálna knižnica | Dátum nadobudnutia | Total checkouts | Čiarový kód exemplára | Date last seen | Typ exemplára |
|---|---|---|---|---|---|---|---|---|---|---|
| Dar | Obecná knižnica Horná Štubňa | Obecná knižnica Horná Štubňa | 25.03.2026 | 4736201947 | 25.03.2026 | Krásna literatúra pre dospelých |
